| 000 | 00495nam a2200181Ia 4500 | ||
|---|---|---|---|
| 999 |
_c1858 _d1858 |
||
| 003 | OSt | ||
| 005 | 20210125142504.0 | ||
| 008 | 190216s9999||||xx |||||||||||||| ||und|| | ||
| 020 | _a9788126112630 | ||
| 040 | _coclc | ||
| 082 |
_a150 _bKUM/I |
||
| 100 |
_aKumar, Arun _94301 |
||
| 245 | 0 |
_aIntroduction To Psychology / _cArun Kumar |
|
| 260 |
_bAnmol Publications, _c2007. _aNew Delhi: |
||
| 300 | _a672p | ||
| 650 | _aBotany | ||
| 942 |
_cBK _2ddc _h150 _iKUM/I _k150 _mKUM/I |
||